| 000 | 00367nam a22001457a 4500 | ||
|---|---|---|---|
| 008 | 131128t xxu||||| |||| 00| 0 eng d | ||
| 020 | _a0340885610 | ||
| 040 |
_aASAB _cASAB |
||
| 100 |
_aBrian W.J. Mahy _9325 |
||
| 245 | _aVirology | ||
| 250 | _a10th Ed. | ||
| 300 | _a340 | ||
| 440 |
_aTopley and Wilson Microbiology and microbial infections _9326 |
||
| 942 |
_2ddc _cBK |
||
| 999 |
_c16592 _d16592 |
||